banner-ar

سقوط عرش الطاووس : (Record no. 60962)

MARC details
000 -الفاتح
حقل البيانات ثابتة الطول 01057nam a22002537a 4500
005 - وقت وتاريخ اخر تعامل مع التسجيلة
رقم الضبط 20240530110436.0
008 - عناصر البيانات ثابتة الطول - معلومات عامة
حقل البيانات ثابتة الطول 150301s2008 ua g b 000 0 ara d
017 ## - رقم الايداع القانونى
رقم الايداع القانونى 2008/7180
المصدر ( الهيئة المختصة) مصر . دار الكتب المصرية
020 ## - الرقم الدولى المعيارى للكتب
الرقم الدولى المعيارى للكتاب 9772087421
040 ## - مصدر الفهرسة
وكالة الفهرسة الأصلية EG-CaGPL
041 0# - رمز اللغة
رمز لغة النص/ المسارات الصوتية أو العنوان الانفرادي ara
082 04 - رقم تصنيف ديوى العشرى
رقم الطبعة 21
رقم التصنيف 955.053\
رقم المادة ح س
100 0# - المدخل الرئيسى - إسم شخصى
الإسم الشخصى حقى شفيق صالح
245 10 - بيان العنوان
العنوان سقوط عرش الطاووس :
بقية العنوان انهيار القوات المسلحة الايرانية فى عهد الاسرة البهلوية 1941 - 1979 م /
بيان المسئوليه,etc حقى سفيق صالح
250 ## - بيان الطبعة
بيان الطبعة ط1
260 ## - PUBLICATION, DISTRIBUTION, ETC. (IMPRINT)
تاريخ النشر أو التوزيع 2008
300 ## - الوصف المادى
التعداد 309 ص ؛
أبعاد الوعاء 24 سم
504 ## - تبصرة ببليوجرافية
تبصرة ببليوجرافية,الخ ببليوجرافية : ص 283 - 309
651 04 - المدخل الاضافى بالموضوع - اسم جغرافى
الاسم الجغرافي ايران
التقسيم الفرعي العام الاحوال السياسية
التقسيم الفرعي الزمني محمد رضا شاه بهلوى
651 04 - المدخل الاضافى بالموضوع - اسم جغرافى
الاسم الجغرافي ايران
التقسيم الفرعي العام القوات المسلحة
651 04 - المدخل الاضافى بالموضوع - اسم جغرافى
الاسم الجغرافي ايران
التقسيم الفرعي العام تاريخ
التقسيم الفرعي الزمني العصر الحديث
-- محمد رضا شاه بهلوى
942 ## - عناصر المدخل الإضافي( كوها)
مصدر التصنيف او مخطط الترفيف Dewey Decimal Classification
Koha [default] item type كتاب
260 ## - PUBLICATION, DISTRIBUTION, ETC. (IMPRINT)
-- القاهرة :
-- مكتبة مدبولى ،
Holdings
حالة التراجع حالة الفقد حالة تلف ليس للاعارة المكان المؤقت الموقع الحالى تاريخ الاكتساب اجمالي اﻻعارات رقم الطلب الباركود تاريخ اخر مشاهدة تاريخ تفعيل السعر نوع وعاء كوها
        مكتبة القاهرة الكبرى مكتبة القاهرة الكبرى 04/14/2015   955.053\ ح س 160157 04/14/2015 04/14/2015 كتاب

Powered By

EGPV